| 000 | 00618nam a22001817a 4500 | ||
|---|---|---|---|
| 003 | OSt | ||
| 005 | 20251201154316.0 | ||
| 008 | 251030b |||||||| |||| 00| 0 eng d | ||
| 020 | _a978-971-27-3774-9 | ||
| 040 |
_aDWCL - Main Lib _cOC |
||
| 082 |
_215th Anniversary Edition _aFil. 899.210301 D1115 2023 |
||
| 100 | _aDalisay, Jose Y., Jr. | ||
| 245 |
_aSoledad's Sister / _cJose Y. Dalisay, Jr. |
||
| 250 | _a15th Anniversary Edition | ||
| 260 |
_aMandaluyong City, Philippines : _bAnvil Publishing, Inc., _cc2023. |
||
| 300 |
_aix , 157 pages ; _c20cm. |
||
| 942 |
_2ddc _cBK - FIL _e15th Anniversary Edition _mFil. _n0 |
||
| 999 |
_c5333 _d5333 |
||